Quizlendrier de l'Avent #19 - Sucreries de Noël - Statistiques

Statistiques générales
  • Ce quiz a été pris 269 fois
  • Le résultat moyen est 5 sur 8
Statistiques - réponses
Par images Réponse % Correct
Nougat
97%
Sucre d'orge
86%
Calisson
72%
Truffe
71%
Fruit confit
55%
Orangette
52%
Marron glacé
48%
Pâte de coings
24%
Aucun quiz correspondant
Distribution des résultats
% des personnes avec chaque résultat
Percentile par nombre de réponses
Votre historique - résultats
Vous n’avez pas pris ce quiz